| 000 | 00640nam a22001937a 4500 | ||
|---|---|---|---|
| 005 | 20230912151615.0 | ||
| 010 | _aENG-137916 | ||
| 020 |
_c1265.00 _a9789357059978 |
||
| 035 | _aEN-121448 | ||
| 037 | _bDBAD/PUB | ||
| 082 |
_a620.017 _2Nineth |
||
| 100 |
_aShackelford, James F _956453 |
||
| 245 |
_aIntroduction To Materials Science For Enginners / _cBy James F Shackelford, |
||
| 250 | _aNineth | ||
| 260 |
_aNoida _bPearson India Education Services Pvt Ltd _c2024 |
||
| 270 |
_aIst Floor, Berger Tower, Plot No C-001A/2 Sector 16B _bNoida _e201301 |
||
| 300 |
_avp. _c25cm(pbk) |
||
| 942 |
_2ddc _cEN _h620.017 _mSHA |
||
| 999 |
_c197725 _d197725 |
||